000
00322nam a2200109Ia 4500
008
200302s9999 xx 000 0 und d
100
_a
Klaus M. Bayer & OTHers ed.,
245
_a
Hand Book Moderne Burogestaltung The Manuel of modern Office Design
260
_b
Buro International Ltd.,
260
_c
1998
300
_a
119 P.,
999
_c
1666
_d
1666